000 00642nam a2200181Ia 4500
005 20140528103808.0
008 140527s9999 xx 000 0 und d
020 _a9781781579954
050 _aTR 267
_b.F855 2013
100 _aFreeman, Michael.
245 _aDigital image editing & special effects :
_bmaster the key techniques of photoshop & lightroom /
_cMichael Freeman
260 _aEast Sussex, UK :
_bThe ILEX Press Limited,
_cc2013.
300 _a160 p. ;
_bcol. ill. ;
_c21 cm.
500 _aIncludes glossary and index.
650 _aPhotography
_xDigital techniques -- Computer programs.
942 _cBK
_2lcc
999 _c117490
_d117490